| 000 | 00000nam 2200000zi 4500 |
| 001 | 9.917897 |
| 003 | CaOODSP |
| 005 | 20231214163101 |
| 006 | m o d f |
| 007 | cr ||||||||||| |
| 008 | 221201t20232023onco ob f000 0 eng d |
| 020 | |a9780660465456 |
| 040 | |aCaOODSP|beng|erda|cCaOODSP |
| 043 | |an-cn--- |
| 086 | 1 |aD2-457/2023E-PDF |
| 245 | 00|aEnabling full-time capability through part-time service : |ba new vision for the Reserve Force - the Canadian Armed Forces strategy to achieve the fundamental change for the Reserve Force outlined in strong, secure, engaged, and integrated into Objective Force 2030 and Future Force 2040. |
| 264 | 1|aOttawa, ON : |bNational Defence = Défense nationale, |c2023. |
| 264 | 4|c©2023 |
| 300 | |a1 online resource (27 pages) : |bcolour photographs |
| 336 | |atext|btxt|2rdacontent |
| 337 | |acomputer|bc|2rdamedia |
| 338 | |aonline resource|bcr|2rdacarrier |
| 500 | |aIssued also in French under title: Acquérir la capacité à temps plein par le service à temps partiel : une nouvelle vision pour la Force de réserve - la stratégie des Forces armées canadiennes pour réaliser le changement fondamental dans la Force de réserve qui est décrite dans la politique protection, sécurité, engagement et intégrée à la Force objective 2030 et la Force de l'avenir 2040. |
| 504 | |aIncludes bibliographical references. |
| 610 | 10|aCanada. |bCanadian Armed Forces|xPlanning. |
| 710 | 1 |aCanada. |bDepartment of National Defence, |eissuing body. |
| 775 | 08|tAcquérir la capacité à temps plein par le service à temps partiel : |w(CaOODSP)9.917899 |
| 776 | 0#|tEnabling full-time capability through part-time service : |w(CaOODSP)9.917898 |
| 856 | 40|qPDF|s1.25 MB|uhttps://publications.gc.ca/collections/collection_2023/mdn-dnd/D2-457-2023-eng.pdf |